| 000 | 01075cam a2200325 i 4500 | ||
|---|---|---|---|
| 001 | 200462556 | ||
| 003 | TR-AnTOB | ||
| 005 | 20240926161148.0 | ||
| 007 | ta | ||
| 008 | 240918t20242024tu ad b 000 0 tur d | ||
| 020 |
_a9786259865249 _q(paperback) |
||
| 040 |
_aBGZ _beng _erda _cBGZ _dTR-AnTOB |
||
| 041 | 0 | _atur | |
| 050 | 4 |
_aJV6035 _b.G639 2024 |
|
| 090 |
_aJV6035 _b.G639 2024 |
||
| 245 | 0 | 0 |
_aGöç yolunda kadın ve çocuk / _chazırlayanlar Prof. Dr. Sıtkı Yıldız [and four others] |
| 264 | 1 |
_aAnkara : _bPolis Akademisi Yayınları, _c2024. |
|
| 264 | 4 | _c©2024 | |
| 300 |
_a88 pages : _billustrations, tables, graphs ; _c24 cm |
||
| 336 |
_atext _btxt _2rdacontent |
||
| 337 |
_aunmediated _bn _2rdamedia |
||
| 338 |
_avolume _bnc _2rdacarrier |
||
| 490 | 0 |
_aPolis Akademisi Yayınları ; _v195 _aRapor No ; _v87 |
|
| 504 | _aBIB | ||
| 650 | 7 |
_aGöç ve göçmenlik _2etuturkob _9108354 |
|
| 650 | 7 |
_aGöç ve göçmenlik _xSosyal yönleri _2etuturkob _936480 |
|
| 700 | 1 |
_aYıldız, Sıtkı _eeditor _9139992 |
|
| 942 |
_2lcc _cBK |
||
| 999 |
_c200462556 _d80768 |
||